Statistics for A Square of Merged Countries #2

Click here to take the quiz!

General Stats

  • This quiz has been taken 722 times
  • The average score is 30 of 35

Answers on the Map

Answers color-coded by a green-red scale on the quiz's map according to % correct below.
Loading ...
 

Answer Stats

Answer% Correct
India
100%
Russia
100%
Chile
99%
Norway
98%
Indonesia
98%
Vietnam
97%
Thailand
97%
Mali
96%
Philippines
96%
Greece
94%
United States of America
91%
Laos
91%
Somalia
90%
Myanmar
89%
Mauritania
89%
Mozambique
88%
Iraq
88%
Cuba
84%
Croatia
84%
Panama
84%
Bangladesh
83%
Jordan
83%
Haiti
83%
Nigeria
80%
Cameroon
80%
Uzbekistan
77%
Zambia
77%
North Korea
75%
Zimbabwe
72%
Central African Republic
71%
Guyana
70%
South Sudan
69%
Turkmenistan
69%
Syria
67%
Cambodia
63%

Score Distribution

Percentile by Number Answered

Percent of People with Each Score

Your Score History

You have not taken this quiz